000 01210nam0a22002651 4500
001 rc\2215300
005 20260407133217.0
035 _a(NLR Aleph) 006697311
090 _a5207625
_c5207625
100 _a20110829d1978 |||y0rusy50 ca
101 0 _arus
102 _aRU
105 _aa z |||||
200 1 _aРектальный способ введения дегидратирующих средств для лечения больных с острой внутричерепной гипертензией
_e(Метод. рекомендации)
_fМ-во здравоохранения БССР, Упр. лечеб.-профилакт. помощи
_g[Сост. В.И. Кургаевым]
210 _aМинск
_c[Б. и.]
_d1978
215 _a9 с.
_cил.
_d20
606 _aМозг головной
_xОтек
_xЛечение лекарственное
_2psbo
702 1 _aКургаев
_bВ.И.
_4220
712 0 1 _aБССР
_bУправление лечебно-профилактической помощи
_3RU\NLR\AUTH\889995958
_9488934
801 0 _aRU
_bNLR
_gpsbo
801 1 _aRU
_bELAR
_2rusmarc
852 _aNLR
_j78-4/23453
899 _aRuMoRGB
_jM 78-12/363
942 _cBOOK
980 _aNB